000 00249nam a22001097a 4500
082 _a660 GRI'F
100 _aGRISWOLD, JOHN
_958391
245 _aFUELS COMBUSTION AND FURNACES
260 _aLONDON
_bMCGRAW HILL
_c1946
300 _a496P
942 _cBK
999 _c568592
_d568592